000 00501nam a22001337a 4500
008 211026b ||||| |||| 00| 0 eng d
020 _a0826513948
050 _aB945.D44 D496 2002
245 _aDewey's logical theory
_bnew studies and interpretations
_c/edited by Thomas, Burke F. , Hester, Michael D. and Talisse, Robert B.
260 _aNashville:
_bVanderbilt University Press,
_cc2002
300 _axxiv. 318p.;
_c24cm.
600 _aDewey, John
_d1859-1952
_tLogic
_950813
942 _2lcc
_cMONOGRAPH
999 _c130973
_d130973